Unofficial Flags of French Overseas Territories - Statistics

General Stats
  • This quiz has been taken 330 times
    95 since last reset
  • The average score is 7 of 9
Answer Stats
Picture Answer % Correct
New Caledonia
96%
Guadeloupe
79%
Réunion (one of several proposals)
74%
Martinique (official since 2023)
73%
French Guiana
70%
Saint Pierre and Miquelon
70%
Wallis and Futuna
70%
Mayotte (coat of arms)
69%
Saint Barthélemy
56%
No matching quizzes found
Score Distribution
Percent of People with Each Score
Percentile by Number Answered
Your Score History
You have not taken this quiz since the last reset